000 00316nam a2200109 4500
008 160625b xxu||||| |||| 00| 0 eng d
100 _91136
_a Paust, G
245 _aThe Young Sportsman Guide to Hunting
260 _aN.Y
_b Thomas Nelson & Sons
_c1961
300 _aThe Young Sportsman Guide to Hunting
942 _2ddc
_cBK
999 _c919
_d919